000 00962nam a2200277 i 4500
001 000003527
003 DO-SdBNP
005 20241030105829.0
007 ta
008 090710s1999 dr 001 0 spa d
040 _aDO-SdBNP
_bspa
_cBNPHU
_erda
082 4 _axxx
_bS127l
_222
100 1 _a Sáez , José Luis,
_d1937-
_eautor
_4aut.
_9620
245 1 0 _aLino Zanini :
_bdiplomático y agente de cambio 1909 - 1997 /
_cJosé Luis Sáez, S.J. ; editor, Rafael Bello Peguero.
264 4 _aSanto Domingo :
_bEditora Amigo del Hogar,
_c1999.
300 _a67 páginas ;
_c21 cm.
336 _atexto
_btxt
_2rdacontent
337 _asin mediación
_bn
_2rdamedia
338 _avolumen
_bnc
_2rdacarrier
500 _aIncluye índice
500 _aIncluye referencias bibliográficas y notas al pie de las páginas
590 _aInventariado, 2024/ YL
700 1 _aBello Peguero, Rafael,
_d1932-2022
_eeditor
_4ed.
_92405
910 _aYLockward
942 _2ddc
_cLBS1
999 _c3353
_d3353